000 00346nam a2200145Ia 4500
008 220613s9999||||xx |||||||||||||| ||und||
020 _a9788177395754
100 _aA K Jain
245 0 _aText Book of Physiology Vol 2
250 _a9th(2021)
260 _bAvichal Publishing Co
300 _a1061
650 _aPhysiology
942 _cPREC
999 _c12283
_d12283